<?xml version="1.0" encoding="UTF-8"?>
<record
    xmlns:xsi="http://www.w3.org/2001/XMLSchema-instance"
    xsi:schemaLocation="http://www.loc.gov/MARC21/slim http://www.loc.gov/standards/marcxml/schema/MARC21slim.xsd"
    xmlns="http://www.loc.gov/MARC21/slim">

  <leader>00830nam a2200229 a 4500</leader>
  <controlfield tag="001">44466</controlfield>
  <controlfield tag="003">BD-RjUL</controlfield>
  <controlfield tag="005">20211209053849.0</controlfield>
  <controlfield tag="008">160717s1986    bg ||||| |||| 00| 0 ben d</controlfield>
  <datafield tag="020" ind1=" " ind2=" ">
    <subfield code="c">: Tk.45.00</subfield>
  </datafield>
  <datafield tag="035" ind1=" " ind2=" ">
    <subfield code="a">(BD-RjUL)44584</subfield>
  </datafield>
  <datafield tag="040" ind1=" " ind2=" ">
    <subfield code="a">BD-RjUL</subfield>
    <subfield code="b">ben</subfield>
    <subfield code="c">BD-RjUL</subfield>
    <subfield code="d">BD-RjUL</subfield>
  </datafield>
  <datafield tag="041" ind1=" " ind2=" ">
    <subfield code="a">ben</subfield>
  </datafield>
  <datafield tag="082" ind1=" " ind2=" ">
    <subfield code="2">23</subfield>
    <subfield code="a">100</subfield>
    <subfield code="b">SAB 1986</subfield>
  </datafield>
  <datafield tag="100" ind1=" " ind2=" ">
    <subfield code="a">&#x9B8;&#x9B0;&#x995;&#x9BE;&#x9B0;, &#x9AE;&#x9CB;&#x983; &#x9B8;&#x9CB;&#x9B2;&#x9BE;&#x9AF;&#x9BC;&#x9AE;&#x9BE;&#x9A8; &#x986;&#x9B2;&#x9C0;</subfield>
    <subfield code="9">136455</subfield>
  </datafield>
  <datafield tag="245" ind1="1" ind2="0">
    <subfield code="a">&#x9AC;&#x9BE;&#x982;&#x9B2;&#x9BE;&#x9B0; &#x9AC;&#x9BE;&#x989;&#x9B2; &#x9A6;&#x9B0;&#x9CD;&#x9B6;&#x9A8; /</subfield>
    <subfield code="c">&#x9AE;&#x9CB;&#x983; &#x9B8;&#x9CB;&#x9B2;&#x9BE;&#x9AF;&#x9BC;&#x9AE;&#x9BE;&#x9A8; &#x986;&#x9B2;&#x9C0; &#x9B8;&#x9B0;&#x995;&#x9BE;&#x9B0;,</subfield>
  </datafield>
  <datafield tag="260" ind1=" " ind2=" ">
    <subfield code="a">&#x9B0;&#x9BE;&#x99C;&#x9B6;&#x9BE;&#x9B9;&#x9C0; :</subfield>
    <subfield code="b">&#x9AE;&#x9CB;&#x9B8;&#x9BE;&#x9AE;&#x9CD;&#x9AE;&#x9CE;&#x9B8;&#x9BE;&#x9AF;&#x9BC;&#x9C7;&#x9B0;&#x9BE; &#x996;&#x9BE;&#x9A4;&#x9C1;&#x9A8;,</subfield>
    <subfield code="c">&#x9E7;&#x9EF;&#x9EE;&#x9EC;</subfield>
  </datafield>
  <datafield tag="300" ind1=" " ind2=" ">
    <subfield code="a">&#x9E9;&#x9E9;&#x9E9; &#x9AA;&#x9C3;. ;</subfield>
    <subfield code="c">&#x9E8;&#x9E7; &#x9B8;&#x9C7;&#x9AE;&#x9BF;.</subfield>
  </datafield>
  <datafield tag="650" ind1=" " ind2=" ">
    <subfield code="a">&#x9A6;&#x9B0;&#x9CD;&#x9B6;&#x9A8;</subfield>
    <subfield code="9">136456</subfield>
  </datafield>
  <datafield tag="650" ind1=" " ind2=" ">
    <subfield code="a">Philosophy</subfield>
    <subfield code="9">136457</subfield>
  </datafield>
  <datafield tag="942" ind1=" " ind2=" ">
    <subfield code="2">ddc</subfield>
    <subfield code="c">BK</subfield>
  </datafield>
  <datafield tag="999" ind1=" " ind2=" ">
    <subfield code="c">44466</subfield>
    <subfield code="d">44466</subfield>
  </datafield>
  <datafield tag="952" ind1=" " ind2=" ">
    <subfield code="0">0</subfield>
    <subfield code="1">0</subfield>
    <subfield code="2">ddc</subfield>
    <subfield code="4">0</subfield>
    <subfield code="7">0</subfield>
    <subfield code="8">NFIC</subfield>
    <subfield code="a">RUCL</subfield>
    <subfield code="b">RUCL</subfield>
    <subfield code="c">Stack</subfield>
    <subfield code="d">1987-12-26</subfield>
    <subfield code="e">R.U.</subfield>
    <subfield code="g">45.00</subfield>
    <subfield code="l">4</subfield>
    <subfield code="o">B 100 SAB 1986</subfield>
    <subfield code="r">2023-03-27 00:00:00</subfield>
    <subfield code="s">2023-03-14</subfield>
    <subfield code="t">C-2</subfield>
    <subfield code="w">2016-07-17</subfield>
    <subfield code="y">BK</subfield>
  </datafield>
</record>
